धूमिल समग्र: 3 खण्ड (Record no. 8231)

MARC details
000 -LEADER
fixed length control field 00583nam a2200169Ia 4500
008 - FIXED-LENGTH DATA ELEMENTS--GENERAL INFORMATION
fixed length control field 230917s9999||||xx |||||||||||||| ||und||
020 ## - ISBN
Price RS 3000.00 (set of 3 vol.)
040 ## - CATALOGING SOURCE
-- 5016634
Original cataloging agency VIVEKANANDA LIBRARY
041 ## - Language
-- English
082 ## - DDC NUMBER
Classification number 891.431731 PR192D
100 ## - MAIN ENTRY--PERSONAL NAME
Personal name पाण्डेय, रत्नशंकर, सम्पा
245 #0 - TITLE STATEMENT
Title धूमिल समग्र: 3 खण्ड
260 ## - PUBLICATION, DISTRIBUTION, ETC. (IMPRINT)
Place of publication, distribution, etc नई दिल्ली
Name of publisher, distributor, etc राजकमल प्रकाशन
Date of publication, distribution, etc 2021
300 ## - PHYSICAL DESCRIPTION
Pages 535 p.
500 ## - GENERAL NOTE
General note 4976 03/01/2023 RKP23/10416 18/01/2023 Main Budget
942 ## - ADDED ENTRY ELEMENTS (KOHA)
Koha item type Books
Holdings
Withdrawn status Lost status Damaged status Not for loan Location (home branch) Sublocation or collection (holding branch) Date acquired Koha issues (times borrowed) Koha full call number Accession No. Koha date last seen Koha item type
        VIVEKANANDA LIBRARY VIVEKANANDA LIBRARY 25/02/2023 3 891.431731 PR192D 402925 28/07/2025 Books
        VIVEKANANDA LIBRARY VIVEKANANDA LIBRARY 25/02/2023   891.431731 PR192D 402926 17/09/2023 Books
        VIVEKANANDA LIBRARY VIVEKANANDA LIBRARY 25/02/2023   891.431731 PR192D 402927 17/09/2023 Books
© Designed and Maintained by Vivekananda Library, MDU Rohtak